| 000 | 00738cam a2200229 i 4500 | ||
|---|---|---|---|
| 999 |
_c4076 _d4076 |
||
| 003 | OSt | ||
| 005 | 20220317125120.0 | ||
| 008 | 770620s1977 caua b 001 0 eng | ||
| 020 | _a0716701790 | ||
| 040 | _cALUPE UNIVERSITY | ||
| 050 | 0 | 0 |
_aQH345 _b.C52 1977 |
| 100 | 1 |
_aClark, John Magruder, _d1932- |
|
| 245 | 1 | 0 |
_aExperimental biochemistry / _cJohn M. Clark, Jr. and Robert L. Switzer. |
| 250 | _a2d ed. | ||
| 260 |
_aSan Francisco : _bW. H. Freeman, _cc1977. |
||
| 300 |
_axii, 335 p. : _bill. ; _c28 cm. |
||
| 504 | _aIncludes bibliographies and index. | ||
| 650 | 0 |
_aBiochemistry _xLaboratory manuals. |
|
| 700 | 1 |
_aSwitzer, Robert L., _ejoint author. |
|
| 906 |
_a7 _bcbc _corignew _d2 _encip _f19 _gy-gencatlg |
||
| 942 |
_2lcc _cBK _nJO |
||